| 000 | 00645nam a22002057a 4500 | ||
|---|---|---|---|
| 999 |
_c18884 _d18884 |
||
| 003 | AR-CdUCM | ||
| 008 | 190515b ||||| |||| 00| 0 spa d | ||
| 040 |
_aMUNICIPALIDAD PROVINCIAL DEL CUSCO _cBIBLIOTECA MUNICIPAL DEL CUSCO |
||
| 082 |
_a371.26 / _bR173 |
||
| 100 |
_aRamirez del Carpio, Horacio _939785 |
||
| 245 | _aLiteratura dinámica / | ||
| 260 |
_aArequipa : _bMundo, |
||
| 300 |
_a204 páginas ; _bImagenes, _c23 cm. |
||
| 505 | _aContenido: Literatura universal. | ||
| 650 |
_aLiteratura universal _9611 |
||
| 650 |
_aGalería de autores _939786 |
||
| 650 |
_aArequipa _91703 |
||
| 942 |
_2ddc _cLIBROS |
||
| 945 |
_adavv _d2019-05-15 |
||